000
00193nam a2200085Ia 4500
008
180219s9999 xx 000 0 und d
100
_a
Goyal M K
245
0
_a
Environmental Glossary
260
_a
"Agra
260
_c
Agrawal"
999
_c
42943
_d
42943